000 01156nam a2200325 i 4500
003 EG-GICUC
005 20260426093650.0
008 260426s1923 fr fr|||| 00| 0 fre d
040 _aEG-GiCUC
_bfre
_cEG-GiCUC
_dEG-GiCUC
_eRda
041 _afre
082 0 4 _221
_a343.416
_bBO . L
092 0 4 _221
099 _aLaw1 10 343.416 BO . L 1923
100 1 _a De Borssat, Xavier,
_eAuteur
245 1 0 _a Législation & Jurisprudence Sur Les Fraudes Et Falsifications Et Les Appellations D'origine /
_cPar Xavier De Borssat ; Préface De M. Victor Boret.
250 _aTroisième Édition
264 1 _aParis :
_b Godde, Libr. De La Cour De Cass. ,
_c1923.
300 _a422 page;
_c 24 cm.
336 _2rda contenu
_a texte
337 _2rda medias
_aOrdinateur
338 _2 transporteur rda
_a Ressource en ligne
504 _aComprend des références bibliographiques et un index.
546 _aTexte en français
650 1 _aDroit pénal
_2qrmak
651 1 _2qrmak
700 1 _a Boret, Victor,
_ePréfacier
856 4 0 _uhttps://fll.law.cu.edu.eg/fulltext/bks/B10-10551.pdf
905 _a167
942 _2ddc
_cBK
_e21
_n0
999 _c73411
_d73411